000 00420nam a2200181Ia 4500
001 18441
005 20260306171631.0
008 260306s9999||||xx |||||||||||||| ||und||
041 _aESP
082 _a658.404
_bG59 2012
100 _aGoldratt, Eliyahu M.
_eAUT
245 0 _aCadena crítica
260 _c2012
300 _a302 páginas :
_c22 cm.
650 _aGEN
654 _aCAN
942 _cLIB
_dJUS
_fJUS
_2ddc
_n
999 _c18441
_d18441